000
00198 a2200097 4500
020
_a
9781484786970
041
_a
spa
100
_a
Willems, Mo
245
_a
Tienes un pararo en la cabeza
942
_c
BK
999
_c
30450
_d
30448